000 00586nam a2200157 i 4500
001 62709
003 ES-MaACL
005 20230906164721.0
007 t|
008 031125s1972 sp ||||1| spa d
100 1 _aFernández-Barreiro, Alejandrino.
_949503
245 1 3 _aLa frustación de la comparecencia por intervención de un tercero
_b: su sanción edictal en el proceso privado romano /
_cAlejandrino Fernández Barreiro.
260 _aSantiago de Compostela :
_bUniversidad de Santiago de Compostela,
_c1972.
300 _a82 p. ;
_c24 cm.
852 _aES-MaACL
_jC-43313
_bR.81520
999 _c62709
_d62709